New York Rangers Greatest All-Time Roster - Statistics

General Stats
  • This quiz has been taken 156 times
  • The average score is 8 of 20
Answer Stats
Hint Answer % Correct
Center Mark Messier
93%
Goaltender Henrik Lundqvist
88%
Defenseman Brian Leetch
75%
Goaltender Mike Richter
72%
Left Wing Chris Kreider
66%
Left Wing Adam Graves
60%
Right Wing Rod Gilbert
56%
Center Jean Ratelle
52%
Right Wing Andy Bathgate
48%
Defenseman Brad Park
39%
Defenseman Harry Howell
31%
Left Wing Vic Hadfield
27%
Defenseman Ron Greschner
23%
Right Wing Bill Cook
21%
Defenseman James Patrick
21%
Left Wing Bun Cook
20%
Center Frank Boucher
14%
Center Walt Tkaczuk
9%
Defenseman Jim Neilson
4%
Right Wing Cecil Dillon
2%
No matching quizzes found
Score Distribution
Percent of People with Each Score
Percentile by Number Answered
Your Score History
You have not taken this quiz